| 000 | 01007cam a2200241 4500 | ||
|---|---|---|---|
| 001 | |||
| 008 | 000000n2002 000 0 eng u | ||
| 020 | _a1903202205 | ||
| 035 | _a(Sirsi) u119906 | ||
| 050 | _a331.2166 | ||
| 110 |
_aMizra & Nacey Research _93806 |
||
| 245 | _aQuantity surveyors fees: a survey of the fees charged by professional quantity surveying practices | ||
| 250 | _a3rd ed. | ||
| 260 |
_aFord _bMizra & Nacey Research _c2002 |
||
| 300 |
_a38p. _bill. _c31cm. |
||
| 350 | _a125 | ||
| 520 | _aPresents average fee charts for different types of jobs, which are derived from 1,500 jobs carried out by 300 professional quantity surveying practices. Provides data on the seven main market sectors: private housing, leisure, offices, industrial, retail and public & community, along with 31 specific sub-sectors. NOT TO BE PHOTOCOPIED. | ||
| 650 | _aPROFESSIONAL FEES | ||
| 650 | _aMARKET SURVEYS | ||
| 650 | _aSALARY SURVEYS | ||
| 690 |
_aQuantity surveying _96263 |
||
| 942 | _n0 | ||
| 999 |
_c102442 _d102442 |
||